000 00307nam a2200133 a 4500
008 090929s1988|||| d
100 1 _aAndersen, L. E.
245 1 0 _aHon na bosorky
260 _bMladé letá
_c1988
_aBratislava
020 _c12
041 _aslo
044 _axo
_cSK
080 _a839.8-3/087.5/
999 _c217
_d217